12 Public scandals: who was/is at the centre of them? - Statistics

General Stats
  • This quiz has been taken 43 times
  • The average score is 5 of 12
Answer Stats
Hint Answer % Correct
Monica Bill Clinton
97%
Watergate Richard Nixon
97%
Admits sexually assaulting women by grabbing the genital area Donald Trump
87%
Chappaquidick Ted Kennedy
72%
Dr Christine Blasey Ford Brett Kavanaugh
56%
Bunga Bunga Silvio Berlusconi
31%
Rielle Hunter John Edwards
28%
Chandra Levy Gary Condit
23%
Christine Keeler John Profumo
21%
Valerie Plame Lewis Libby
15%
Gupta family businesses Jacob Zuma
8%
Alleged Libyan electoral influence Nicholas Sarkozy
3%
No matching quizzes found
Score Distribution
Percent of People with Each Score
Percentile by Number Answered
Your Score History
You have not taken this quiz